000 00456nam a22001457a 4500
020 _a81-8153-498-9
082 _a001
_bAKA/C
100 _aAKANKASHA
245 _aCHILDREN'S CONCISE KNOWLEDGE BANK
260 _aDELHI
_bRAINBOW BOOKS
300 _a104
520 _aMORE THAN 450 AMAZING FACTS AND ILLUSTRATIONS OF TOPICS LIKE UNIVERSE, EARTH, PLANTS, ANIMALS, BIRDS, HUMAN BODY, SCIENCE AND TECHNOLOGY
650 _aGENERAL KNOWLEDGE
_zINDIA
942 _cBK
999 _c6310
_d6310